Chín suy nghĩ sai lầm về công việc Hướng dẫn thực chiến cho những lãnh đạo có tư duy độc lập

Phân tích và đưa ra sự thật cốt yếu cho các nhà lãnh đạo nhằm giúp họ thể hiện năng lực cần có để dẫn tới thành công, và chỉ ra 9 suy nghĩ sai lầm liên quan đến công việc qua nhiều câu chuyện thực tế; Phụ lục: tr. 389-422; Nguyên bản: Nin...

Celý popis

Uloženo v:
Podrobná bibliografie
Hlavní autor: Buckingham, Marcus
Další autoři: Goodall, Ashley
Médium: Kniha
Jazyk:Undetermined
Vydáno: H. Trẻ 2020
Témata:
On-line přístup:http://lrc.tdmu.edu.vn/opac/search/detail.asp?aID=2&ID=41338
Tagy: Přidat tag
Žádné tagy, Buďte první, kdo otaguje tento záznam!
Thư viện lưu trữ: Trung tâm Học liệu Trường Đại học Thủ Dầu Một
LEADER 01241nam a2200229Ia 4500
001 TDMU_41338
008 210410s9999 xx 000 0 und d
082 |a 657.3 
090 |b B506 
100 |a Buckingham, Marcus 
245 0 |a Chín suy nghĩ sai lầm về công việc 
245 0 |b Hướng dẫn thực chiến cho những lãnh đạo có tư duy độc lập 
245 0 |c Marcus Buckingham, Ashley Goodall ; Phạm Thị Quế Anh dịch 
260 |a H. 
260 |b Trẻ 
260 |c 2020 
300 |a 431tr 
520 |a Phân tích và đưa ra sự thật cốt yếu cho các nhà lãnh đạo nhằm giúp họ thể hiện năng lực cần có để dẫn tới thành công, và chỉ ra 9 suy nghĩ sai lầm liên quan đến công việc qua nhiều câu chuyện thực tế; Phụ lục: tr. 389-422; Nguyên bản: Nine lies about work - A freethinking leader's guide to the real world 
650 |a Công việc  |x Quản lý  |x Lãnh đạo 
700 |a Goodall, Ashley 
856 |u http://lrc.tdmu.edu.vn/opac/search/detail.asp?aID=2&ID=41338 
980 |a Trung tâm Học liệu Trường Đại học Thủ Dầu Một